[Event "Nizhnij Novgorod op"]
[Site "Nizhnij Novgorod"]
[Date "2012.10.13"]
[Round "8"]
[White "Vifleemskaia, Svetlana"]
[Black "Mandrikov, Sergey"]
[Result "1-0"]
[WhiteElo "2155"]
[BlackElo "2109"]
[PlyCount "42"]
[EventDate "2012.10.06"]
[EventType "swiss"]
[EventRounds "9"]
[EventCountry "RUS"]
[SourceTitle "EXT 2013"]
[Source "ChessBase"]
[SourceDate "2012.11.22"]
[SourceVersion "1"]
[SourceVersionDate "2012.11.22"]
[SourceQuality "1"]

1. e4 d6 2. d4 Nf6 3. Nc3 c6 4. f4 Qa5 5. Bd3 e5 6. Nf3 exd4 7. Nxd4 Bg4 8. Nf3 Nbd7 9. h3 Bxf3 10. Qxf3 Be7 11. 0-0 0-0 12. a3 Qc7 13. Be3 Rad8 14. g4 Nc5 15. g5 Nfd7 16. Be2 f5 17. exf5 Rxf5 18. b4 Ne6 19. Qe4 Rf7 20. Qxe6 d5 21. Bd3 Bxg5 1-0

[Event "Nizhnij Novgorod Dubinin Memorial 19th"]
[Site "Nizhnij Novgorod"]
[Date "2012.01.??"]
[Round "2"]
[White "Mandrikov, Sergey"]
[Black "Popov, Nikita A"]
[Result "0-1"]
[WhiteElo "2109"]
[BlackElo "1841"]
[PlyCount "40"]
[EventDate "2012.01.??"]
[EventType "swiss"]
[EventRounds "9"]
[EventCountry "RUS"]
[SourceTitle "EXT 2015"]
[Source "ChessBase"]
[SourceDate "2014.11.20"]
[SourceVersion "1"]
[SourceVersionDate "2014.11.20"]
[SourceQuality "1"]

1. e4 e5 2. Nf3 Nc6 3. d4 exd4 4. Nxd4 Bc5 5. Be3 Qf6 6. c3 Nge7 7. Bc4 Ne5 8. Bb3 Qg6 9. 0-0 d5 10. Nf5 dxe4 11. Bxc5 Nxf5 12. Qd5 Nf3+ 13. Kh1 N5h4 14. g4 c6 15. Ba4 Bd7 16. Qd1 Qxg4 17. Rg1 Qh3 18. Qd6 Nf5 19. Qf4 Nxg1 20. Qxe4+ Kd8 0-1

[Event "Nizhnij Novgorod Dubinin Memorial 18th"]
[Site "Nizhnij Novgorod"]
[Date "2011.01.03"]
[Round "?"]
[White "Mandrikov, Sergey"]
[Black "Abramjan, Larisa"]
[Result "1-0"]
[WhiteElo "2101"]
[BlackElo "1860"]
[PlyCount "31"]
[EventDate "2011.01.03"]
[EventType "swiss"]
[EventRounds "9"]
[EventCountry "RUS"]
[SourceTitle "EXT 2012"]
[Source "ChessBase"]
[SourceDate "2011.11.24"]
[SourceVersion "1"]
[SourceVersionDate "2011.11.24"]
[SourceQuality "1"]

1. e4 c5 2. Nf3 d6 3. d4 cxd4 4. Nxd4 Nf6 5. Nc3 a6 6. Be3 e6 7. g4 b5 8. f3 Bb7 9. g5 Nfd7 10. h4 Qc7 11. h5 Nc6 12. Bh3 Nxd4 13. Bxd4 d5 14. exd5 Qg3+ 15. Bf2 Qxg5 16. dxe6 1-0

[Event "Nizhnij Novgorod Dubinin Memorial 18th"]
[Site "Nizhnij Novgorod"]
[Date "2011.01.03"]
[Round "?"]
[White "Mandrikov, Sergey"]
[Black "Belenov, Dmitry N"]
[Result "1-0"]
[WhiteElo "2101"]
[BlackElo "2379"]
[PlyCount "31"]
[EventDate "2011.01.03"]
[EventType "swiss"]
[EventRounds "9"]
[EventCountry "RUS"]
[SourceTitle "EXT 2012"]
[Source "ChessBase"]
[SourceDate "2011.11.24"]
[SourceVersion "1"]
[SourceVersionDate "2011.11.24"]
[SourceQuality "1"]

1. e4 e6 2. d4 d5 3. Nd2 c5 4. exd5 Qxd5 5. Ngf3 cxd4 6. Bc4 Qd6 7. 0-0 Nf6 8. Nb3 Nc6 9. Nbxd4 Nxd4 10. Nxd4 a6 11. c3 Qc7 12. Bd3 Bd6 13. h3 b6 14. Re1 0-0 15. Bg5 Be7 16. Qe2 1-0

[Event "Nizhnij Novgorod Dubinin Memorial 18th"]
[Site "Nizhnij Novgorod"]
[Date "2011.01.03"]
[Round "?"]
[White "Pristalov, Evgeny"]
[Black "Mandrikov, Sergey"]
[Result "1-0"]
[WhiteElo "2045"]
[BlackElo "2101"]
[PlyCount "31"]
[EventDate "2011.01.03"]
[EventType "swiss"]
[EventRounds "9"]
[EventCountry "RUS"]
[SourceTitle "EXT 2012"]
[Source "ChessBase"]
[SourceDate "2011.11.24"]
[SourceVersion "1"]
[SourceVersionDate "2011.11.24"]
[SourceQuality "1"]

1. e4 d6 2. d4 Nf6 3. Bd3 c6 4. Nf3 Bg4 5. 0-0 Nbd7 6. c3 Qc7 7. h3 Bxf3 8. Qxf3 h6 9. Qe2 e5 10. f4 0-0-0 11. Nd2 exf4 12. Rxf4 Be7 13. Rf1 g5 14. Nc4 Rde8 15. Ne3 Bf8 16. Qf3 1-0

[Event "Nizhnij Novgorod Dubinin Memorial 17th"]
[Site "Nizhnij Novgorod"]
[Date "2010.??.??"]
[Round "?"]
[White "Pristalov, Evgeny"]
[Black "Mandrikov, Sergey"]
[Result "0-1"]
[WhiteElo "1989"]
[BlackElo "2086"]
[PlyCount "84"]
[EventDate "2010.01.03"]
[EventType "swiss"]
[EventRounds "9"]
[EventCountry "RUS"]
[SourceTitle "CBM 134 Extra"]
[Source "ChessBase"]
[SourceDate "2010.03.03"]
[SourceVersion "1"]
[SourceVersionDate "2010.03.03"]
[SourceQuality "1"]

1. e4 d5 2. exd5 Qxd5 3. Nc3 Qa5 4. d4 Nf6 5. Nf3 Nc6 6. Bb5 Bg4 7. h3 Bd7 8. Bd2 0-0-0 9. a4 e6 10. Ne5 Be8 11. Nd5 Nb4 12. Nc4 Qxb5 13. axb5 exd5 14. Ne5 Bxb5 15. Be3 Re8 16. f3 Bd6 17. Kf2 a6 18. Qd2 Re7 19. Rhe1 h6 20. Bf4 Nh5 21. Bh2 Rhe8 22. g4 Nf6 23. Re3 Nd7 24. Rae1 Nb6 25. Nxf7 Nc4 26. Nxd6+ cxd6 27. Rxe7 Nxd2 28. Rxe8+ Bxe8 29. Rxe8+ Kd7 30. Rg8 Nxc2 31. Rxg7+ Kc6 32. Bf4 Nc4 33. Bxh6 Nxb2 34. f4 a5 35. f5 a4 36. f6 Nxd4 37. Bc1 a3 38. Re7 Nd3+ 39. Kg2 a2 40. Bb2 Nxb2 41. Re1 Nc2 42. Rc1 Kd7 0-1

[Event "Kostroma Volga Cup op"]
[Site "Kostroma"]
[Date "2009.07.??"]
[Round "7"]
[White "Mandrikov, Sergey"]
[Black "Krainov, Alexey"]
[Result "1/2-1/2"]
[WhiteElo "2053"]
[BlackElo "2265"]
[PlyCount "37"]
[EventDate "2009.07.03"]
[EventType "swiss"]
[EventRounds "9"]
[EventCountry "RUS"]
[SourceTitle "EXT 2021"]
[Source "ChessBase"]
[SourceDate "2020.10.23"]
[SourceVersion "1"]
[SourceVersionDate "2020.10.23"]
[SourceQuality "1"]

1. e4 d6 2. d3 Nf6 3. Nd2 e5 4. g3 Be7 5. Bg2 0-0 6. Ngf3 Nc6 7. 0-0 d5 8. exd5 Nxd5 9. Re1 f6 10. Nc4 Bg4 11. Ne3 Be6 12. d4 Nxe3 13. Bxe3 e4 14. Nd2 f5 15. Nf1 Bf6 16. c3 Qd7 17. f3 exf3 18. Qxf3 Rad8 19. g4 1/2-1/2

[Event "Kostroma Volga Cup op"]
[Site "Kostroma"]
[Date "2009.07.??"]
[Round "2"]
[White "Svetlov, Dmitry"]
[Black "Mandrikov, Sergey"]
[Result "1-0"]
[WhiteElo "2353"]
[BlackElo "2053"]
[PlyCount "51"]
[EventDate "2009.07.03"]
[EventType "swiss"]
[EventRounds "9"]
[EventCountry "RUS"]
[SourceTitle "EXT 2021"]
[Source "ChessBase"]
[SourceDate "2020.10.23"]
[SourceVersion "1"]
[SourceVersionDate "2020.10.23"]
[SourceQuality "1"]

1. d4 Nf6 2. Nf3 e6 3. c4 c5 4. d5 exd5 5. cxd5 d6 6. Nc3 g6 7. g3 Bg7 8. Bg2 0-0 9. 0-0 Na6 10. Nd2 Nc7 11. a4 b6 12. Nc4 Ba6 13. Na3 Qd7 14. Bf4 Nh5 15. Bd2 b5 16. axb5 Bxb5 17. Ncxb5 Nxb5 18. Nc4 Rab8 19. Ra6 Qb7 20. Qa4 Rfd8 21. Rd1 Qe7 22. e3 Nf6 23. Na5 Nc7 24. Rxa7 Nfxd5 25. Bxd5 Qe5 26. Nc6 1-0

[Event "PriFR-ch U16"]
[Site "Penza"]
[Date "2008.11.10"]
[Round "8"]
[White "Mazhukin, Evgeny"]
[Black "Mandrikov, Sergey"]
[Result "0-1"]
[WhiteElo "1785"]
[BlackElo "2087"]
[PlyCount "102"]
[EventDate "2008.11.03"]
[EventType "swiss"]
[EventRounds "9"]
[EventCountry "RUS"]
[SourceTitle "EXT 2022"]
[Source "ChessBase"]
[SourceDate "2021.10.06"]
[SourceVersion "1"]
[SourceVersionDate "2021.10.06"]
[SourceQuality "1"]

1. d4 Nf6 2. Nc3 c5 3. d5 d6 4. e4 g6 5. Nf3 Bg7 6. Be2 0-0 7. 0-0 Na6 8. Nd2 Nc7 9. a4 b6 10. Nc4 Rb8 11. Rb1 Bd7 12. f3 b5 13. axb5 Nxb5 14. Bd2 Nd4 15. Be3 Nxe2+ 16. Qxe2 Qc7 17. Qd2 Rb4 18. b3 Ra8 19. h3 a5 20. f4 Nh5 21. e5 Ng3 22. Rf3 Nf5 23. Bf2 a4 24. g4 axb3 25. cxb3 Nd4 26. Bxd4 cxd4 27. Ne4 Rxc4 28. bxc4 Qxc4 29. Rb4 Ra1+ 30. Kg2 Qxd5 31. Rxd4 Qa8 32. Qd3 Bc6 33. Re3 Qa2+ 34. Re2 Qa8 35. Kh2 Ra3 36. Qd2 Qa6 37. Rb4 Ra1 38. Qd4 Qa8 39. Reb2 Ra2 40. Qd2 Rxb2 41. Qxb2 Qa7 42. Rb8+ Bf8 43. exd6 e5 44. d7 Bxd7 45. Nf6+ Kg7 46. Nxd7 Qxd7 47. Qxe5+ Kg8 48. Kg3 Qd3+ 49. Kh4 Qd2 50. Qc5 Qe1+ 51. Kg5 h6+ 0-1

[Event "PriFR-ch U16"]
[Site "Penza"]
[Date "2008.11.09"]
[Round "7"]
[White "Fedotov, Ivan"]
[Black "Mandrikov, Sergey"]
[Result "1-0"]
[WhiteElo "2017"]
[BlackElo "2087"]
[PlyCount "77"]
[EventDate "2008.11.03"]
[EventType "swiss"]
[EventRounds "9"]
[EventCountry "RUS"]
[SourceTitle "EXT 2022"]
[Source "ChessBase"]
[SourceDate "2021.10.06"]
[SourceVersion "1"]
[SourceVersionDate "2021.10.06"]
[SourceQuality "1"]

1. e4 c5 2. Nf3 Nc6 3. d4 cxd4 4. Nxd4 Nf6 5. Nc3 d6 6. Bc4 Qb6 7. Nb3 e6 8. Be3 Qc7 9. Bd3 a6 10. 0-0 b5 11. f4 Bb7 12. Qf3 Be7 13. Rae1 0-0 14. g4 Na5 15. Nxa5 Qxa5 16. g5 Nd7 17. Qh3 b4 18. Nd5 Bd8 19. Bd4 exd5 20. exd5 g6 21. Qh6 Ne5 22. fxe5 Qxd5 23. Re4 Qxd4+ 24. Rxd4 Bb6 25. Rff4 dxe5 26. Rh4 Bxd4+ 27. Kf1 Rfe8 28. Qxh7+ Kf8 29. Bxg6 Bd5 30. Bxf7 Bxf7 31. Qh6+ Ke7 32. Qf6+ Kd7 33. Qxf7+ Kc6 34. Rh6+ Kc5 35. Qc7+ Kb5 36. Qc6+ Ka5 37. Qc7+ Ka4 38. Qc6+ Ka5 39. b3 1-0

[Event "PriFR-ch U16"]
[Site "Penza"]
[Date "2008.11.08"]
[Round "6"]
[White "Mandrikov, Sergey"]
[Black "Pasiev, Rakhim"]
[Result "1/2-1/2"]
[WhiteElo "2087"]
[BlackElo "2173"]
[PlyCount "80"]
[EventDate "2008.11.03"]
[EventType "swiss"]
[EventRounds "9"]
[EventCountry "RUS"]
[SourceTitle "EXT 2022"]
[Source "ChessBase"]
[SourceDate "2021.10.06"]
[SourceVersion "1"]
[SourceVersionDate "2021.10.06"]
[SourceQuality "1"]

1. Nf3 Nf6 2. g3 g6 3. Bg2 Bg7 4. 0-0 0-0 5. d3 c5 6. e4 d6 7. Nbd2 Nc6 8. a4 Qc7 9. Nc4 b6 10. Re1 Bb7 11. c3 Rad8 12. Qc2 Nd7 13. Ne3 e6 14. Nh4 Na5 15. b3 Nf6 16. Rb1 d5 17. e5 Nd7 18. f4 Nc6 19. Nf3 Rc8 20. Ba3 Rfe8 21. Rbc1 Qb8 22. Qa2 Bf8 23. d4 cxd4 24. Nxd4 Nc5 25. Red1 Red8 26. Nxc6 Bxc6 27. Nc2 Bb7 28. Nd4 Ba6 29. Bf1 Bxf1 30. Kxf1 a6 31. Kg2 Ne4 32. Bxf8 Rxf8 33. Rd3 Rc7 34. Re3 Qb7 35. Qe2 Rfc8 36. Qf3 b5 37. axb5 axb5 38. Rc2 Qa6 39. h4 Qa5 40. Ne2 Qa3 1/2-1/2

[Event "Peterhof op"]
[Site "Peterhof"]
[Date "2008.08.05"]
[Round "4"]
[White "Mandrikov, Sergey"]
[Black "Duzhakov, Ilya"]
[Result "0-1"]
[WhiteElo "2057"]
[BlackElo "2267"]
[PlyCount "96"]
[EventDate "2008.08.02"]
[EventType "swiss"]
[EventRounds "9"]
[EventCountry "RUS"]
[SourceTitle "CBM 125 Extra"]
[Source "ChessBase"]
[SourceDate "2008.09.01"]
[SourceVersion "1"]
[SourceVersionDate "2008.09.01"]
[SourceQuality "1"]

1. e4 c5 2. Nf3 d6 3. d4 Nf6 4. Nc3 cxd4 5. Nxd4 a6 6. Be2 e6 7. 0-0 Qc7 8. f4 Be7 9. Be3 Nc6 10. Nb3 b5 11. Bd3 Bb7 12. a4 b4 13. Ne2 Ng4 14. Qd2 Nxe3 15. Qxe3 Bf6 16. Rab1 0-0 17. Kh1 Rac8 18. Qh3 g6 19. f5 exf5 20. exf5 Ne5 21. fxg6 fxg6 22. Qe6+ Kg7 23. Nf4 Rce8 24. Qh3 Nxd3 25. cxd3 Qc2 26. Na1 Qc8 27. Qxc8 Bxc8 28. Nd5 Bxb2 29. Nxb4 Bb7 30. Rxf8 Rxf8 31. h3 Be5 32. Nac2 Rf2 33. Ne3 Rd2 34. Rc1 Kf6 35. Nbd5+ Ke6 36. Nb4 a5 37. Rc2 Bxg2+ 38. Kg1 Rxc2 39. Nbxc2 Bxh3 40. d4 Bf4 41. Nc4 Bf5 42. Ne1 Kd5 43. Nb6+ Kxd4 44. Nf3+ Kc5 45. Na8 Kc6 46. Nd4+ Kb7 47. Nb3 Kxa8 48. Nxa5 Bc2 0-1